Religion Quiz

Random Religion or Bible Quiz

Animals Mentioned in the Bible Quiz Stats

Quiz Updated Apr 5, 2015

Challenge
Share
Tweet
Embed
Score 0/66 Timer 10:00
1 Play Today
Animal % Correct
Sheep
88.1%
Lamb
88.1%
Lion
85%
Dog
84.7%
Horse
84.6%
Cow
84.1%
Serpent
80.7%
Fish
79.6%
Donkey
78.2%
Goat
76.9%
Pig
76.4%
Dove
68.9%
Camel
62.8%
Eagle
61.6%
Rooster
60.3%
Bear
59.7%
Frog
50.9%
Rat
50.9%
Fly
48.8%
Ant
47.5%
Ox
46.5%
Locust
46.4%
Bee
46.4%
Deer
46.1%
Hare
44.7%
Wolf
42.5%
Raven
41%
Hawk
39.7%
Lizard
39.6%
Spider
34.5%
Fox
32.5%
Sparrow
30%
Pigeon
29.3%
Animal % Correct
Leopard
28.6%
Owl
27.7%
Worm
27%
Vulture
26.9%
Ape
26.1%
Falcon
23.2%
Bat
20.8%
Gnat
20.2%
Antelope
19.2%
Scorpion
18.9%
Hyena
18.3%
Ostrich
17.1%
Quail
17%
Flea
16.7%
Gazelle
16.3%
Snail
15.8%
Cricket
15.1%
Moth
14.5%
Peacock
14.2%
Stork
12%
Heron
11.5%
Buzzard
10.2%
Crane
9.9%
Chameleon
9%
Gecko
8.6%
Maggot
7.8%
Partridge
7.5%
Kite
7.5%
Leech
7.2%
Hoopoe
5.8%
Hyrax
5.4%
Cormorant
5.3%
Mole Rat
4.2%

You're not logged in!

Compare scores with friends on all Sporcle quizzes.
Sign Up with Email
OR
Log In

You Might Also Like...

Show Comments

Extras

Top Quizzes Today


Score Distribution

Your Account Isn't Verified!

In order to create a playlist on Sporcle, you need to verify the email address you used during registration. Go to your Sporcle Settings to finish the process.